1495 1815 1615 1617 1694 1645 1122 1197 1479 1023 1189 1733 1095 1995 1131 1275 1132 1331 1156 1634 1237 1639 1993 1064 1158 1146 1492 1117 1284 1486 1818 1042 1851 1697 1322 1858 1609 1919 1331 1071 1070 1838 1097 1150 1067 1797 1398 1835 1212 1256 1861 1093 1609 1069 1996 1430 1359 1629 1222 1837 1416 1173 1473 1063 1538 1220 1433 1869 1326 1983 1079 1387 1681 1894 1795 1192 1365 1026 1373 1524 1409 1311 1057 1884 1117 1704 1280 1635 1106 1864 1259 1113 1421 1462 1228 1707 1729 1479 1197 BCNSPRNW ULIB Ver.6.0+V

เปลี่ยนเป็นภาษาไทย

Change to English
 แสดงรายละเอียดบรรณานุกรม
  กลับหน้าหลัก

Brief Record : Get Marc (ISO 2709) : E-mail record : QR code < ปิดหน้าต่าง
LEADER : 00000nam 2200000uu 4500
001    13399110676
003     ULIB
008    110607s2542||||th 000 0 tha d
020    9789747803365 ล.1
060 04 WS100^bต64ก ล.1 2542
245 00 ตำรากุมารเวชศาสตร์ /^cบรรณาธิการ วันดี วราวิทย์, ประพุทธ ศิริปุณย์, สุรางค์ เจียมจรรยา
250    พิมพ์ครั้งที่ 1
260    กรุงเทพฯ :^bภาควิชากุมารเวชศาสตร์คณะแพทยศาสตร์โรงพยาบาลรามาธิบดี มหาวิทยาลัยมหิดล,^c2542
300    3 เล่ม :^bภาพประกอบ
650  2 Pediatrics
650  2 Disease^xIn infancy & childhood
700 00 วันดี วราวิทย์,^eบรรณาธิการ
700 00 ประพุทธ ศิริปุณย์,^eบรรณาธิการร่วม
700 00 สุรางค์ เจียมจรรยา,^d2490- ^eบรรณาธิการร่วม
710 20 มหาวิทยาลัยมหิดล.^bภาควิชากุมารเวชศาสตร์
945    ^p750^l0^i009922
945    ^p750^l0^i009921
945    ^p750^l0^i009920
995    ทศพร
999 ^a ใช้งานได้ทุกระบบ
รายการนี้ยังไม่มีแท็ก
คุณยังไม่ได้ล็อกอิน คุณสามารถมีกิจกรรมร่วมกับเว็บไซต์ได้ แต่ต้องล็อกอินก่อน ::
  ล็อกอิน

รายการสื่อสารสนเทศ

ลำดับที่ ประเภท เลขเรียก/บาร์โค้ด สถานที่ สถานะ
- ไม่พบข้อมูล -

รายการใกล้เคียง
    หัวเรื่อง [Pediatrics]

BibComment


ยังไม่เคยถูกคอมเมนท์

คอมเมนท์ทรัพยากรรายการนี้
  คอมเมนท์: ตำรากุมารเวชศาสตร..


 Copyright 2026. Bcnsprnw @Library